The Museum of Primitive Art : second exhibiition : summer 1957 second exhibiition : summer 1957
Descripción Física:
19 pàgines : 22 cm
Materias:
Museum of Primitive Art (New York, Nova York)
; Museum of Primitive Art (Nova York) -- Catàlegs d'art
Idioma:
English
MARC
| LEADER | 00000nam a22000007a 4500 | ||
|---|---|---|---|
| 001 | 24862 | ||
| 008 | 220623b us ||||| |||| 00| 0 eng d | ||
| 080 | |a FU-72-3 | ||
| 110 | 2 | |a Museum of Primitive Art (New York, Nova York) |9 53613 | |
| 245 | |a The Museum of Primitive Art : |b second exhibiition : summer 1957 | ||
| 260 | |a Nova York : |b [sense editor identificat], |c 1957 | ||
| 300 | |a 19 pàgines : |b 22 cm | ||
| 610 | 2 | 0 | |a Museum of Primitive Art (New York, Nova York) |9 53613 |
| 610 | 0 | |9 53614 |a Museum of Primitive Art (Nova York) |x Catàlegs d'art | |
| 942 | |2 udc |c ARXIU |n 1 | ||
| 952 | |0 0 |1 0 |4 0 |6 FU723 |7 1 |9 62522 |a Arxiu |b Arxiu |d 2022-06-23 |l 0 |o FU-72-3 |p 24862 |r 2022-06-23 00:00:00 |w 2022-06-23 |y ARXIU | ||
| 999 | |c 82126 |d 82126 | ||